000
00313nam a22001337a 4500
008
181106b xxu||||| |||| 00| 0 eng d
020
_a
9780262025799
041
_a
eng
080
_a
159.9
100
_a
49
101
_a
PSI
245
_a
Adapting Minds Evolutionary Psychology
_c
Buller.D.J
942
_2
udc
_c
BK
999
_c
51964
_d
51964